000 01211nam0a22002891 4500
001 rc\4977917
005 20260406083436.0
021 _aRU
_bРг9513-60
035 _a(NLR Aleph) 008966457
090 _a9097127
_c9097127
100 _a20130430d1960 |||y0rusy50 ca
101 0 _arus
_achv
102 _aRU
105 _ac z |||||
200 1 _aЧувашские пословицы, поговорки и загадки
_fСост. Н.Р. Романов
_gНауч.-исслед. ин-т языка и литературы, истории и экономики при Совете Министров Чуваш. АССР
210 _aЧебоксары
_cЧувашгосиздат
_d1960
215 _a359 с., 1 л. портр.
_d23
300 _aТекст парал. на рус. и чуваш. яз.
300 _aНа обл. сост. не указан
320 _aБиблиогр.: с. 334-344
700 1 _4220
_7ca
_8rus
_aРоманов
_bН. Р.
_cэтнограф
_f1905-1960
_gНикита Романович
_92650156
_3RU\NLR\AUTH\770278189
801 0 _aRU
_bNLR
_gpsbo
801 1 _aRU
_bELAR
_2rusmarc
852 _aNLR
_bОНЛ
_jЧув./3-1932
942 _cBOOK
980 _aNB